000 00571cam a22001815a 4500
001 ##L132838
008 060313s1956 xxk 000 0 eng u
035 _a(Sirsi) u132838
041 0 _aeng
050 0 4 _a333.0062 $2 18
110 2 _aRoyal Institution of Chartered Surveyors
_94900
245 0 0 _aConstitution and rules of procedure of the junior organisation
260 _aLondon
_bRICS
_c1956
300 _a10p. $2 2cm.
651 4 _aUnited Kingdom
_y
690 _aABOUT RICS-RICS STRUCTURE AND GOVERNANCE-RICS REGULATIONS-RICS CONDUCT REGULATIONS
942 _n0
999 _c105256
_d105256